Ja, ty, my ako hranice slobody

Podrobná bibliografia
Hlavný autor: Dancák, Pavol (Autor)
Médium: Článok
Jazyk:slovenčina
ISSN:1335-5570
Predmet:

MARC

LEADER 00000nab a2200000 a 4500
001 vtls008946309
003 SK-MaSNL
005 20260304212555.0
008 250505c2006 xo kr|p|||||||000 b|slo
015 |a SNBRB2007/02 
035 |a (uuid)d9e2f201-0ad2-4def-8fa3-d25cac66757e 
035 |a urn:nbn:sk:snk-ab9r9u 
035 |a (urnnbn)urn:nbn:sk:snk:ar-a08ptl 
038 |a SNKBUCL 
040 |a SNKBUCL  |b slo  |c SNKBUCL  |e AACR2 
041 0 |a slo 
044 |a xo  |c SK 
080 |a 241.11  |2 1997 
080 |a 233  |2 1997 
100 1 |a Dancák, Pavol  |4 aut  |9 26045 
245 1 0 |a Ja, ty, my ako hranice slobody  |c Pavol Dancák 
504 |a Bibliogr. odkazy 
650 0 7 |a sloboda  |2 snkbucl  |9 2170 
650 0 7 |a človek  |2 snkbucl  |9 16150 
773 0 |t Theologos  |g Roč. VIII, č. 2 (2006), s. 34-45  |x 1335-5570 
850 |a Slovenská národná knižnica 
852 |a Slovenská národná knižnica 
954 |a odborná, vedecká literatúra pôvodná (slovenská)  |2 lita 
958 |a article13 
958 |a OND 
958 |a SK 
958 |a NB 
958 |a NT 
958 |a EUIPO 
999 |c 3132004  |d 3133934